000 00746nam a2200205 a 4500
001 0732
005 20140414132143.0
008 040927s19uu xx 00 eng d
020 _a0-439-04603-3
050 _aKIT (LCER) 502.8
_bC16 1999
100 _aCanizares, Susan
245 _aScience tools /
_cSusan Canizares, Betsey Chessen.
260 _aNew York :
_bScholastic,
_c1999.
300 _a1 v. (unp.) : ill. ; cm.
440 _aLearning center emergent readers
520 _aA simple introduction to some of the tools that helps us make scientific discoveries, including the funnel, ruler, magnifier, and eyedropper.
650 _aScientific apparatus and instruments
_xJuvenile literature.
999 _c115376
_d115376